000 00577nam a2200181 i 4500
001 25189
003 ES-MaACL
007 t|
008 021220s1974 sp ||||1| spa d
100 1 _aAponte, Antonio.
_922102
245 1 3 _aLa economía de los países socialistas /
_cAntonio Aponte.
260 _a[Barcelona] :
_bSalvat,
_c[1974]
300 _a141 p. :
_bil. ;
_c20 cm.
490 1 _aBiblioteca Salvat de grandes temas ;
_v31
830 0 0 _aBiblioteca Salvat de grandes temas
_v31
_9220518
852 _aES-MaACL
_jE-6374
_bR.90822
999 _c25189
_d25189